| 000 | 00501nam a2200181Ia 4500 | ||
|---|---|---|---|
| 008 | 240925s9999 xx 000 0 und d | ||
| 020 | _a70612595 | ||
| 082 | _a519.5 STE | ||
| 100 | _aStephen, Larry J | ||
| 245 | 0 | _aSchaums Outline of Theory and Problems of Beginning Statistics | |
| 250 | _aNA | ||
| 260 |
_aNew York: _bMcGraw-Hill _c,1998. |
||
| 300 |
_axxv,609p. _bNA _fPhotocopy |
||
| 500 | _aIncludes Index | ||
| 600 | _aHumanities & Natural Science | ||
| 650 | _aMathematics | ||
| 942 | _cBK | ||
| 999 |
_c9700 _d9700 |
||